000 00812nmm a2200289 a 4500
003 AR-BaBNM
005 20251128211653.0
008 106020s2005 ||||||||||||||000 | spa||
020 _a950-16-5353-6
040 _cAR-BaBNM
245 1 0 _aSer humano. Libro tercero
_nprograma de educación integral
250 _a1ª ed.
260 _aBuenos Aires
_bTroquel
_c2005
300 0 _a167 p.
650 4 _aLIBROS DE TEXTO
650 4 _aCURRICULO INTEGRADO
650 4 _aCURRICULO TRANSDISCIPLINARIO
650 4 _aACTIVIDADES DE APRENDIZAJE
650 4 _aJUEGOS EDUCATIVOS
653 0 _aEDUCACION EN VALORES
653 0 _aEDUCACION PARA LA CONVIVENCIA
653 0 _aESTRATEGIAS EDUCATIVAS
653 0 _aEDUCACION PRIMARIA
653 0 _aPRIMER CICLO DE LA EGB
942 _cBK
998 _cme-solo cat
999 _c20640
_d20640